Online
Catalog

Tuntún de pasa y grifería / (Record no. 2399)

MARC details
000 -CABECERA
campo de control de longitud fija 01001cam a2200253 a 4500
001 - NÚMERO DE CONTROL
campo de control 000002563
005 - FECHA Y HORA DE LA ÚLTIMA TRANSACCIÓN
campo de control 20200929150220.0
008 - DATOS DE LONGITUD FIJA--INFORMACIÓN GENERAL
campo de control de longitud fija 920904s1993 pr a b s001 p spa
020 ## - NÚMERO INTERNACIONAL ESTÁNDAR DEL LIBRO
Número Internacional Estándar del Libro 0847701786
040 ## - FUENTE DE LA CATALOGACIÓN
Centro catalogador/agencia de origen DO-SdBNP
Lengua de catalogación spa
Centro/agencia transcriptor BNPHU
082 ## - NÚMERO DE LA CLASIFICACIÓN DECIMAL DEWEY
Número de clasificación PR861.44
Número de documento/Ítem P157t
100 1# - ENTRADA PRINCIPAL--NOMBRE DE PERSONA
Nombre de persona Palés Matos, Luis,
Fechas asociadas al nombre 1898-1959
9 (RLIN) 8067
245 10 - MENCIÓN DE TÍTULO
Título Tuntún de pasa y grifería /
Mención de responsabilidad, etc. Luis Palés Matos; edición de Mercedes López-Baralt.
260 ## - PUBLICACIÓN, DISTRIBUCIÓN, ETC.
Lugar de publicación, distribución, etc. San Juan :
Nombre del editor, distribuidor, etc. Instituto de Cultura Puertorriqueña,
-- Editorial de la Universidad de Puerto Rico,
Fecha de publicación, distribución, etc. 1993.
300 ## - DESCRIPCIÓN FÍSICA
Extensión 226 p. :
Otras características físicas il. ;
Dimensiones 20 cm.
490 1# - MENCIÓN DE SERIE
Mención de serie Puertorriqueña
Designación de volumen o secuencia no. 4
504 ## - NOTA DE BIBLIOGRAFÍA, ETC.
Nota de bibliografía, etc. Incluye referencias bibliográficas (p. [61]-68) y citas al pie de página.
650 #4 - PUNTO DE ACCESO ADICIONAL DE MATERIA--TÉRMINO DE MATERIA
Término de materia o nombre geográfico como elemento de entrada Poesía puertorriqueña
9 (RLIN) 1015
650 #4 - PUNTO DE ACCESO ADICIONAL DE MATERIA--TÉRMINO DE MATERIA
Término de materia o nombre geográfico como elemento de entrada Negros
Subdivisión general Poesías
9 (RLIN) 8068
650 #4 - PUNTO DE ACCESO ADICIONAL DE MATERIA--TÉRMINO DE MATERIA
Término de materia o nombre geográfico como elemento de entrada Literatura puertorriqueña
9 (RLIN) 250
700 1# - PUNTO DE ACCESO ADICIONAL--NOMBRE DE PERSONA
Nombre de persona López-Baralt, Mercedes,
Fechas asociadas al nombre 1942-
Término indicativo de función/relación ed.
9 (RLIN) 8069
710 2# - PUNTO DE ACCESO ADICIONAL--NOMBRE DE ENTIDAD CORPORATIVA
Nombre de entidad corporativa o nombre de jurisdicción como elemento de entrada Editorial de la Universidad de Puerto Rico.
9 (RLIN) 8070
830 #0 - PUNTO DE ACCESO ADICIONAL DE SERIE-TÍTULO UNIFORME
Título uniforme Puertorriqueña;
Designación de volumen o secuencia no. 4
9 (RLIN) 8071
Holdings
Estado de retiro Estado de pérdida Restricciones de uso No para préstamo Código de colección Localización permanente Ubicación/localización actual Ubicación en estantería Fecha de adquisición Número de inventario Total de préstamos Signatura topográfica completa Código de barras Fecha visto por última vez Precio válido a partir de Tipo de ítem Koha
    Préstamo interno   Monografías: Libros y Folletos General General En catalogación 07.07.2009 LF1   PR861.44 P157t 2563-10 25.06.2020 25.06.2020 Préstamo interno

Powered by Koha